000 01164cam a2200277 4500
001 ABS61368
008 000000n1999 000 0 eng u
035 _a(Sirsi) u100395
100 _aDixon, D.W.
245 _aRadon and remedial issues
260 _c1999
490 _aStructural Survey
_v17(3) 1999, 154-159(6)
520 _aGovernment in conjunction with the National Radiological Protection Board (NRPB), Building Research Establishment and local authorities has initiated campaigns to measure the radon level in homes. This article explains the main features of the programme to reduce radon exposures in existing housing, and also notes the important role of surveyors in the housing market. Further sources of information are listed, including technical reports on remedial measures.
590 _aABS
650 _aRADON
650 _aMeasurement
_96256
650 _aVENTILATION
650 _aBRE
650 _aNATIONAL RADIOLOGICAL PROTECTION BOARD
650 _aUNITED KINGDOM
650 _aHEALTH HAZARDS
650 _aResidential property
_96266
690 _aBuilding surveying
_96225
700 _aScivyer, Chris
942 _n0
999 _c60079
_d60079